Հայաստան : (Record no. 539421)
[ view plain ]
| 000 -LEADER | |
|---|---|
| fixed length control field | 00822nam a2200205 a 4500 |
| 003 - CONTROL NUMBER IDENTIFIER | |
| control field | AM-YEHGA |
| 005 - DATE AND TIME OF LATEST TRANSACTION | |
| control field | 20260123115051.0 |
| 008 - FIXED-LENGTH DATA ELEMENTS--GENERAL INFORMATION | |
| fixed length control field | 030329s1956 le a|||gr|||||||||||arm|d |
| 040 ## - CATALOGING SOURCE | |
| Original cataloging agency | AM-YEHGA |
| 041 0# - LANGUAGE CODE | |
| Language code of text/sound track or separate title | arm |
| 001 - CONTROL NUMBER | |
| control field | 20729 |
| 100 0# - MAIN ENTRY--PERSONAL NAME | |
| Personal name | Դերենիկ Եպիսկոպոս, |
| Dates associated with a name | 1914-1963 |
| 245 10 - TITLE STATEMENT | |
| Title | Հայաստան : |
| Remainder of title | Անի : Ալպոմ / |
| Statement of responsibility, etc. | Դերենիկ Եպիսկոպոս. |
| 260 ## - PUBLICATION, DISTRIBUTION, ETC. | |
| Place of publication, distribution, etc. | Լիբանան : |
| Name of publisher, distributor, etc. | Ա. հ., |
| Date of publication, distribution, etc. | 1956. |
| 300 ## - PHYSICAL DESCRIPTION | |
| Extent | [83] թերթ ։ |
| Other physical details | լուսանկարներ ; |
| Dimensions | 16x24 սմ. |
| 500 ## - GENERAL NOTE | |
| General note | Գիրքը թվայնացվել է Հայաստանի ազգային գրադարանում: |
| 650 14 - SUBJECT ADDED ENTRY--TOPICAL TERM | |
| Topical term or geographic name entry element | Լուսանկարներ |
| Geographic subdivision | Արևմտյան Հայաստան |
| -- | Անի |
| 856 41 - ELECTRONIC LOCATION AND ACCESS | |
| Uniform Resource Identifier | <a href="http://haygirk.nla.am/upload/1941-/hayastan_ani_1956.pdf">http://haygirk.nla.am/upload/1941-/hayastan_ani_1956.pdf</a> |
| Link text | Կարդալ առցանց |
| 942 ## - ADDED ENTRY ELEMENTS (KOHA) | |
| Source of classification or shelving scheme | Universal Decimal Classification |
| Koha item type | Գրքեր / Books |
| Withdrawn status | Lost status | Source of classification or shelving scheme | Damaged status | Not for loan | Collection | Home library | Current library | Date acquired | Total checkouts | Full call number | Barcode | Date last seen | Price effective from | Koha item type | Public note |
|---|---|---|---|---|---|---|---|---|---|---|---|---|---|---|---|
| Universal Decimal Classification | Fundamental Scientific Library | Fundamental Scientific Library | 27/11/2025 | Ղար/929 | FL0700851 | 27/11/2025 | 05/12/2025 | Գրքեր / Books | ILL Non-Circ. | ||||||
| Universal Decimal Classification | Fundamental Scientific Library | Fundamental Scientific Library | 27/11/2025 | Ղար/930 | FL0700852 | 27/11/2025 | 05/12/2025 | Գրքեր / Books | ILL Non-Circ. |
ՀՀ Գիտությունների ազգային ակադեմիայի հիմնարար գիտական գրադարան = Fundamental Scientific Library of NAS RA
All site content, except where otherwise noted, is licensed under a